Technology, defense, and external relations in China, 1975-1978
This volume surveys efforts by China's Mao leadership to adopt modern technology in China's industrial and economic sectors while focusing new attention on an incrasingly obsolescent defense structure.
Na minha lista:
| Autor principal: | |
|---|---|
| Formato: | Livro |
| Idioma: | Undetermined |
| Publicado em: |
Boulder
Westview Press
1979
|
| Assuntos: | |
| Tags: |
Adicionar Tag
Sem tags, seja o primeiro a adicionar uma tag!
|
| Thư viện lưu trữ: | Trung tâm Học liệu Trường Đại học Cần Thơ |
|---|
| LEADER | 00771nam a2200205Ia 4500 | ||
|---|---|---|---|
| 001 | CTU_230010 | ||
| 008 | 210402s9999 xx 000 0 und d | ||
| 082 | |a 355.033051 | ||
| 082 | |b G314 | ||
| 100 | |a Gelber, Harry G. | ||
| 245 | 0 | |a Technology, defense, and external relations in China, 1975-1978 | |
| 245 | 0 | |c Harry G. Gelber | |
| 260 | |a Boulder | ||
| 260 | |b Westview Press | ||
| 260 | |c 1979 | ||
| 520 | |a This volume surveys efforts by China's Mao leadership to adopt modern technology in China's industrial and economic sectors while focusing new attention on an incrasingly obsolescent defense structure. | ||
| 650 | |a Trung Quốc,China | ||
| 650 | |x Phòng thủ,Defenses | ||
| 910 | |b dqhieu | ||
| 980 | |a Trung tâm Học liệu Trường Đại học Cần Thơ | ||